000
00233nam a2200097Ia 4500
082
_a
EF SUAR
245
0
_a
Daemon
100
_a
Suarez, Daniel London, 2009
_9
76199
942
_c
BK
008
210817s9999 xx 000 0 und d
999
_c
252965
_d
252964